Ekonomické aspekty využívania obnoviteľných zdrojov s ohľadom na výrobu bioplynu a podporu predaja elektrickej energie diplomová práca

Saved in:
Bibliographic Details
Main Author: Sukeľ, Maroš
Corporate Author: Podnikovohospodárska fakulta EU so sídlom v Košiciach. Katedra ekonómie
Other Authors: Andrejovský, Pavol, 1975-
Format: Book
Language:Slovak
Published: Košice 2018
Tags: Add Tag
No Tags, Be the first to tag this record!

MARC

LEADER 00000nbm a2200000 4500
001 0247225
005 20240827092157.4
041 0 |a slo 
044 |a SK 
245 1 0 |a Ekonomické aspekty využívania obnoviteľných zdrojov s ohľadom na výrobu bioplynu a podporu predaja elektrickej energie  |b diplomová práca  |c Maroš Sukeľ ; školiteľ: Pavol Andrejovský 
264 1 |a Košice  |c 2018 
300 |a 68 s. 
100 1 |a Sukeľ, Maroš 
700 1 |a Andrejovský, Pavol, 1975- 
710 2 |a Podnikovohospodárska fakulta EU so sídlom v Košiciach. Katedra ekonómie